El enigma de la almeja

Enregistré dans:
Détails bibliographiques
Auteur principal: González Villanueva, Gustavo
Format: Livre
Langue:Undetermined
Publié: San José, Costa Rica Promesa 1966
Sujets:
Tags: Ajouter un tag
Pas de tags, Soyez le premier à ajouter un tag!

MARC

LEADER 00000nam a2200000Ia 4500
008 170316s9999 xx 000 0 und d
040 |a cru BVZT 
090 |a 860 G-25e 
100 |a González Villanueva, Gustavo 
245 |a El enigma de la almeja 
260 |a San José, Costa Rica 
260 |b Promesa 
260 |c 1966 
300 |a 82 páginas 
650 |a LITERATURA LATINOAMERICANA 
999 |c 8740  |d 8740 
942 |c 15 D  |h 860 G-25e  |2 z